| 000 | 03297 a2200325 4500 | ||
|---|---|---|---|
| 003 | OSt | ||
| 005 | 20180116192344.0 | ||
| 008 | 120531t xxu||||| |||| 00| 0 eng d | ||
| 010 | _a 2010280837 | ||
| 020 | _a9780714849744 | ||
| 020 | _a071484974X | ||
| 035 | _a(OCoLC)ocn308158685 | ||
| 040 | _c0 | ||
| 082 | 0 | 4 | _a730 |
| 245 | 0 | 0 |
_aVitamin 3-D : _bnew perspectives in sculpture and installation. |
| 260 |
_aLondon : _aNew York, NY : _bPhaidon, _c2009. |
||
| 300 |
_a352 p. : _bill. (chiefly col.) ; _c29 cm. |
||
| 505 | 0 | _aPreface -- Introduction. Motley efforts : sculpture's ever-expanding field / Anne Ellegood -- Adel Abdessemed -- Ai Weiwei -- Allora + Calzadilla -- David Altmejd -- Micol Assael -- Nairy Baghramian -- Claire Barclay -- Frank Benson -- Michael Beutler -- Huma Bhabha -- Alexandra Bircken -- Karla Black -- Carol Bove -- Martin Boyce -- Matti Braun -- Berlinde De Buyckere -- Christoph Buchel -- Michal Budny -- Tom Burr -- Jedediah Caesar -- Valentin Carron -- Marcelo Cidade -- Steven Claydon -- Peter Coffin -- William Cordova -- Abraham Cruzvillegas -- Alexandre da Cunha -- Jan De Cock -- Thea Djordjadze -- Trisha Donnelly -- Tara Donovan -- Jim Drain -- Latifa Echakhch -- Iran do Espirito Santo -- Chris Evans -- Geoffrey Farmer -- Mounir Fatmi -- Lara Favaretto -- Vincent Fecteau -- Urs Fischer -- Daphne Fitzpatrick -- Ryan Gander -- Gelitin -- Loris Greaud --Rachel Harrison -- Jay Heikes -- Jeppe Hein -- Roger Hiorns -- Evan Holloway -- Christian Holstad -- Thomas Houseago -- Matthew Day Jackson -- Koo Jeong-A -- Daniel Joglar -- Matt Johnson -- Brian Jungen -- Kitty Kraus -- Gabriel Kuri -- Robert Kusmirowski -- Lisa Lapinski -- Camilla Low -- Renata Lucas -- Nathan Mabry -- Goshka Macuga -- Mark Manders -- Marepe -- Kris Martin -- Josephine Meckseper -- Michaela Meise -- Matthew Monahan -- Mike Nelson -- Ernesto Neto -- Rivane Neuenschwander -- Ruben Ochoa -- Damian Ortega -- Mitzi Pederson -- Mai-Thu Perret -- Falke Pisano -- Wilfredo Prieto -- Tobias Putrih -- Michael Queenland -- Michael Rakowitz -- Lisi Raskin -- David Renggli --Mandla Reuter -- Lili Reynaud-Dewar -- Eva Rothschild -- Heather Rowe -- Sterling Ruby -- Tomas Saraceno -- Bojan Sarcevic -- Arcangelo Sassolino -- Felix Schramm -- Nora Schultz -- Anna Sew Hoy -- Mindy Shapero -- Ranjani Shettar -- Sudarshan Shetty -- Gedi Sibony -- Lucy Skaer -- Monika Sosnowska -- Simon Starling -- Katja Strunz -- Ricky Swallow -- Mika Tajima -- Luca Trevisani -- Tatiana Trouve -- Oscar Tuazon -- Francis Upritchard -- Rebecca Warren -- Phoebe Washburn -- Gary Webb -- Klaus Weber -- Eric Wesley -- Haegue Yang -- Tarek Zaki -- Thomas Zipp -- Bibliographies -- Index. | |
| 520 | _aSurvey of current global developments in comtemporary sculpture and installation with 332 outstanding artists. | ||
| 650 | 0 |
_aSculpture, Modern _y21st century _92870 |
|
| 650 | 0 |
_aInstallations (Art) _y21st century _92871 |
|
| 650 | 0 |
_aSculpture, Modern _y21st century _92872 |
|
| 650 | 0 |
_aInstallations (Art) _y21st century _92873 |
|
| 650 | 0 |
_aPlastieken. _92874 |
|
| 650 | 0 |
_aInstallaties (beeldende kunst) _92875 |
|
| 650 | 0 |
_aPlastik _92876 |
|
| 650 | 0 |
_aInstallation (Kunst) _92877 |
|
| 942 |
_aSADA _cREF _kREF 730 UIT 2009 _2ddc |
||
| 999 |
_c352751 _d352751 |
||